| 000 | 01197nam a22002177a 4500 | ||
|---|---|---|---|
| 999 |
_c62420 _d62420 |
||
| 003 | Ge_BSU | ||
| 005 | 20241030165749.0 | ||
| 008 | 241030s2023 ge ||||| |||| 00| 0 geo d | ||
| 020 | _a9789941118265 | ||
| 041 | _ageo | ||
| 080 | _a159.9 ა-28 | ||
| 100 |
_aადლერი, ალფრედ _916213 |
||
| 245 |
_aადამიანის ბუნების შეცნობისათვის : _bგზა თვითშემეცნებისკენ / _cალფრედ ადლერი; ინგლისურიდან თარგმნა თამარ ბოგვერაძემ; ბერან ვოლფის წინასიტყვაობა. |
||
| 264 |
_aთბილისი : _bდიოგენე, _c2023. |
||
| 300 |
_a287 გვ.; _b20 სმ. |
||
| 653 | _aადამაიანის ფსიქოლოგია | ||
| 653 | _aთვითშემეცნება | ||
| 700 |
_aბოგვერაძე, თამარ _eმთარგმნელი _923543 |
||
| 700 |
_aვოლფი, ბერან _eწინასიტყვაობის ავტორი _923544 |
||
| 942 |
_2udc _cᲬᲘᲒᲜᲘ |
||